Responses for show #7578 - Wednesday, July 19, 2017

Contestants

Keith Fudge, a policy analyst from Washington, D.C.

Nancy Bauer, a market research director from Oak Park, Illinois

Deborah Elliott, an educator from Cleveland, Ohio (whose 2-day cash winnings total $56,600)

Jeopardy! Round responses

IN THE NEWS: 2017
THEY'RE WITH THE BAND
FAMILIAL PHRASES
AROUND THE WORLD
DOWN TO A "SCIENCE"
IT'S NATIONAL HOT DOG MONTH
    $200 11
Housing and Urban Development

Nancy
    $200 6
Maroon 5

Keith
    $200 21
Father Time

Nancy
    $200 16
Barcelona

Deborah
    $200 1
science fiction

Keith
    $200 26
Frankfurt

Deborah
    $400 12
Wall Street

Keith
    $400 7
The Rolling Stones

Nancy
    $400 22
saying uncle

Deborah
    $400 17
the Gobi

Deborah
    $400 2
political science

Keith
    $400 27
Mickey Mouse

Keith
    $600 13
Moonlight

Deborah
    $600 8
Green Day

Deborah
    $600 23
Sister Wives

Deborah
    $600 18
Glaswegians

Nancy
    $600 3
"She Blinded Me With Science"

Deborah
    $600 28
ketchup

Nancy
    $800 14
Coretta King

Nancy
    $800 9
The Bangles

Nancy
    $800 24
a motherboard

Keith
    $800 19
Turkish

Deborah
    $800 4
rocket science

Deborah
    $800 29
(Deborah: Who is Rita Hayworth?)

Marlene Dietrich

DeborahNancy
    $1000 15
(Keith: What is Toyota?)

Takata

DeborahKeith
    $1000 10
X

Nancy
    $1000 25
Aunt Sally

Triple Stumper
    $1,000 20
(Alex: Deborah?)
(Deborah: What are Bahrain and... can't think of it.)

Bahrain and Bhutan

Deborah
    $1000 5
the dismal science

Nancy
    $1000 30
(Keith: Who is George--King George?)
(Alex: Which one?)
(Keith: Uh, the fifth.)

King George VI

DeborahKeith

Scores at the first commercial break (after clue 15):

Deborah Nancy Keith
$3,600 $4,200 $200

Scores at the end of the Jeopardy! Round:

Deborah Nancy Keith
$5,400 $6,400 $400

Double Jeopardy! Round responses

PICTURE THE SCIENTIST
LASSIE
LITERARY THREESOMES
WE USED TO MAKE THAT CAR
NATIVE AMERICANS
TELL ME "Y"
    $400 6
Copernicus

Deborah
    $400 30
The Saturday Evening Post

Deborah
    $400 1
the three blind mice

Nancy
    $400 16
Chevrolet

Deborah
    $400 26
Milwaukee

Keith
    $400 11
a yardstick

Keith
    $800 7
Jane Goodall

Nancy
    $800 29
a well

Deborah
    $800 2
Flopsy and Mopsy

Nancy
    $800 17
the Ford

Keith
    $2,000 23
(Nancy: Um... who are the Georgians?)

the Delaware

Nancy
    $800 12
yeast

Nancy
    $1200 8
Pasteur

Nancy
    $1200 21
MGM

Keith
    $1200 3
the Tudors

Deborah
    $1200 18
Toyota

Triple Stumper
    $1200 22
Pueblo

Nancy
    $1200 13
a yes man

Deborah
    $1600 9
Pavlov

Keith
    $1600 20
Lassie Come Home

Nancy
    $2,000 4
the Ghost of Christmas Future (or Christmas to Come)

Deborah
    $1600 19
(Alex: Fun to drive. I owned one once.)

Volkswagen

Triple Stumper
    $1600 24
Crazy Horse

Keith
    $1600 14
a yew

Nancy
    $2000 10
(Deborah: Who is Marie Curie?)

Irene Curie

DeborahKeith
    $2000 28
Greyfriars Bobby

Triple Stumper
    $2000 5
Edward Albee

Triple Stumper
    $2000 27
(Nancy: What is a GMC?)

AMC

Nancy
Triple Stumper
    $2000 25
a longhouse

Deborah
    $2000 15
the Yoruba

Deborah

Scores at the end of the Double Jeopardy! Round:

Deborah Nancy Keith
$13,800 $10,800 $8,400

[wagering suggestions for these scores]

Final Jeopardy! Round responses

HISTORIC EVENTS
(Alex: If you're good at math and subtract correctly--320 off of 1986--it gives you 1666. What happened in that year that was famous?)
...
(Alex: [To Deborah] The Great Fire of [*], caused in fact by one of the king's bakers. )
KeithWhat is
$2,399
NancyWhat is Paris?
$7,801
DeborahWhat is London?
$6,000
London

Final scores:

Deborah Nancy Keith
$19,800 $2,999 $6,001
3-day champion: $76,400 3rd place: $1,000 2nd place: $2,000

Game dynamics:

Coryat scores:

Deborah Nancy Keith
$14,400 $12,800 $8,400
21 R
(including 1 DD),
3 W
(including 1 DD)
18 R,
2 W
(including 1 DD)
13 R,
2 W

Combined Coryat: $35,600

The J! Archive is created by fans, for fans. The Jeopardy! game show and all elements thereof, including but not limited to copyright and trademark thereto, are the property of Jeopardy Productions, Inc. and are protected under law. This website is not affiliated with, sponsored by, or operated by Jeopardy Productions, Inc. Join the discussion at JBoard.tv.